000 00777nam a22002297a 4500
003 UA-OsUOA
001 49840
007 ta
008 20140130b un ||||| |||| 00| 0 ukr d
090 _a082
_bД53
942 _cBK
040 _aUA-OsUOA
_bukr
_cUA-OsUOA
_dUA-OsUOA
245 _aДмитро Паліїв: Життя і діяльність (1896-1944)
_bЗбірник праць і матеріалів
300 _a862 с.
955 _a1
041 _aukr
080 _a082
260 _aЛьвів
_bНаукове товариство ім. Шевченка
_c2007
650 7 _a08 Видання. Колективні праці
_2UDC
999 _c429966
_d429966